000 00408nam a2200145Ia 4500
008 230917s9999||||xx |||||||||||||| ||und||
040 _e129107
_aMAIN
041 _aEnglish
082 _a820.9 S44E
100 _aSambrook, James
245 0 _aEighteenth century: the intellectual and cultural context of english literature 1700-1789
260 _aLondon
_bLongman
_c1986
300 _a289p. p.
942 _cBK
999 _c59923
_d59923